Economics : for class XII
| Main Author: | Choudhury, Kalyanjit Roy |
|---|---|
| Other Authors: | Apte, Sanjiwani |
| Published: |
New Delhi:
Tata McGraw-Hill,
2000.
|
| Subjects: |
| LEADER | 00548cam a2200169 7i4500 | ||
|---|---|---|---|
| 001 | 0000049989 | ||
| 005 | 20200604090000.0 | ||
| 020 | |a 0074638424 (pbk.) | ||
| 090 | 0 | 0 | |a HB171.5 |b .C57 2000 |
| 100 | 1 | |a Choudhury, Kalyanjit Roy | |
| 245 | 1 | 0 | |a Economics : |b for class XII |c Kalyanjit Roy Choudhury, Sanjiwani Apte. |
| 260 | |a New Delhi: |b Tata McGraw-Hill, |c 2000. | ||
| 300 | |a viii, 482 p.: |b ill.; |c 23 cm. | ||
| 650 | 0 | 0 | |a Economics |
| 700 | 1 | |a Apte, Sanjiwani | |
| 997 | |a Health Sciences, Faculty | ||
| 999 | |a 0000058170 |b BOK |c OPEN SHELF |e 1st Floor, Shah Alam | ||


